Guess the taylor swift song from the picture clue - Statistics

General Stats
  • This quiz has been taken 647 times
  • The average score is 14 of 16
Answer Stats
Picture Answer % Correct
fifteen
96%
paper rings
96%
red
96%
cardigan
95%
the archer
95%
mirrorball
94%
getaway car
92%
paris
92%
white horse
92%
dress
90%
clean
88%
message in a bottle
88%
love story
87%
the lakes
83%
ivy
82%
glitch
79%
No matching quizzes found
Score Distribution
Percent of People with Each Score
Percentile by Number Answered
Your Score History
You have not taken this quiz